Italian vocabulary - Noun #3 - Statistics

General Stats
  • This quiz has been taken 46 times
  • The average score is 59 of 120
Answer Stats
Noun Translation % Correct
macchina machine|car
96%
automobile car|automobile
91%
neck collo
87%
colore colour
87%
cavallo horse
87%
fortuna luck|fortune
87%
atto act
83%
favore favour
83%
giugno june
83%
linea line
83%
mattina morning
83%
presidente president
83%
situazione situation
83%
spirito spirit
83%
bagno bathroom
78%
milk latte
78%
poeta poet
78%
popolazione population
78%
qualità quality
78%
uso use
78%
decisione decision
74%
oro gold
74%
doctor medico|dottore|dottoressa
74%
bread pane
74%
lago lake
70%
viaggio travel|journey
70%
muro wall
70%
uncle zio
70%
azione action
65%
congresso congress
65%
sunday domenica
65%
hunger fame
65%
fantasy fantasia
65%
avvocato lawyer|attorney|advocate
65%
sacrificio sacrifice
65%
week settimana
65%
attore actor
61%
età age
61%
orecchio ear
61%
summer estate
61%
porto port|harbour
61%
principe prince
61%
table tavolo
61%
strumento tool|instrument
61%
vento wind
61%
movie film
57%
brother fratello
57%
poesia poetry
57%
spring primavera|molla|sorgente
57%
aspetto appearance|look|aspect
52%
fabbrica factory
52%
giustizia justice
52%
giornale newspaper
52%
honor onore
52%
hospital ospedale
52%
visit visita
52%
hill collina
48%
director direttore|direttrice
48%
expression espressione
48%
january gennaio
48%
image immagine
48%
genere kind|gender|genre
48%
marriage matrimonio
48%
meter metro
48%
dad papà
48%
stagione season
48%
croce cross
43%
fruit frutto
43%
istante instant
43%
conoscenza knowledge
43%
market mercato
43%
danger pericolo
43%
afternoon pomeriggio
43%
writer scrittore|scrittrice
43%
ombra shadow|shade
43%
tono tone
43%
ricchezza wealth
43%
concetto concept
39%
industry industria
39%
merito merit|credit
39%
public pubblico
39%
reply risposta|replica
39%
villa villa
39%
peso weight
39%
consiglio advice|tip
35%
beauty bellezza
35%
commercio business|commerce
35%
courage coraggio
35%
series serie
35%
fiducia trust|confidence
35%
well bene|pozzo
30%
defence difesa
30%
river fiume
30%
pleasure piacere
30%
reality realtà
30%
angle angolo
26%
company compagnia
26%
care cura
26%
degree grado|diploma
26%
foglia leaf
26%
news notizia
26%
plant pianta
26%
folla crowd
22%
army esercito
22%
giro round
22%
fight lotta|scontro|rissa
17%
sonno sleep
17%
attesa waiting
17%
mestiere craft|job|profession
13%
desire desiderio
13%
flat land pianura
13%
seat sedile|posto|sede
13%
roba stuff
13%
deal affare|accordo
9%
atteggiamento attitude|approach|behaviour
9%
layout disposizione
9%
lips labbra
9%
following seguito
9%
filo wire|thread
9%
wedding ring fede
4%
No matching quizzes found
Score Distribution
Percent of People with Each Score
Percentile by Number Answered
Your Score History
You have not taken this quiz